[Event "EU-Cup 37th"]
[Site "Mayrhofen"]
[Date "2022.10.04"]
[Round "2.6"]
[White "Wickenfeld, Stefan"]
[Black "Ranaldi, Lucas"]
[Result "1/2-1/2"]
[WhiteElo "2173"]
[BlackElo "2369"]
[PlyCount "87"]
[EventDate "2022.10.03"]
[EventType "team-swiss"]
[EventRounds "7"]
[EventCountry "AUT"]
[SourceTitle "CBM 210 Extra"]
[Source "ChessBase"]
[SourceDate "2022.11.30"]
[SourceVersion "1"]
[SourceVersionDate "2022.11.30"]
[SourceQuality "1"]
[WhiteTeam "Solingen SG"]
[BlackTeam "Offerspill"]
[WhiteTeamCountry "GER"]
[BlackTeamCountry "NOR"]

1. e4 c6 2. d4 d5 3. Nc3 dxe4 4. Nxe4 Bf5 5. Ng3 Bg6 6. h4 h6 7. Nf3 Nd7 8. h5 Bh7 9. Bd3 Bxd3 10. Qxd3 e6 11. Bd2 Ngf6 12. 0-0-0 Be7 13. Kb1 Qb6 14. Ne4 Rd8 15. c4 0-0 16. Bc3 c5 17. Qe2 Nxe4 18. Qxe4 Bf6 19. Qe3 Qa6 20. g4 cxd4 21. Bxd4 e5 22. Bc3 e4 23. Nd2 Bxc3 24. Qxc3 Nc5 25. g5 hxg5 26. Qe5 Nd3 27. Qxg5 Qb6 28. Nb3 Qf6 29. Qxf6 gxf6 30. Rd2 Kh7 31. a3 f5 32. Rhd1 Rde8 33. Nd4 Re5 34. f3 Nf4 35. fxe4 fxe4 36. Rf2 Nh3 37. Rf6 Rxh5 38. Ne6 Re8 39. Rd7 Kg8 40. Rdxf7 Rxe6 41. Rf8+ Kg7 42. R8f7+ Kg8 43. Rf8+ Kg7 44. R8f7+ 1/2-1/2

[Event "Gelsenkirchen Koenigsspringer op"]
[Site "Gelsenkirchen"]
[Date "2019.12.29"]
[Round "6"]
[White "Quast, Marcel"]
[Black "Wickenfeld, Stefan"]
[Result "1/2-1/2"]
[WhiteElo "2209"]
[BlackElo "2175"]
[PlyCount "50"]
[EventDate "2019.12.27"]
[EventType "swiss"]
[EventRounds "7"]
[EventCountry "GER"]
[SourceTitle "CBM 194 Extra"]
[Source "ChessBase"]
[SourceDate "2020.03.31"]
[SourceVersion "1"]
[SourceVersionDate "2020.03.31"]
[SourceQuality "1"]

1. e4 c5 2. d4 cxd4 3. c3 Nf6 4. e5 Nd5 5. Nf3 Nc6 6. cxd4 d6 7. a3 Bg4 8. Be2 dxe5 9. dxe5 e6 10. Qa4 Qa5+ 11. Qxa5 Nxa5 12. Nbd2 a6 13. g3 Rc8 14. b4 Nc6 15. Bb2 Be7 16. 0-0 h5 17. Kg2 h4 18. Rfc1 hxg3 19. hxg3 f5 20. exf6 gxf6 21. Bd3 Kf7 22. Rh1 Rxh1 23. Rxh1 Rg8 24. Kf1 e5 25. Rh7+ Rg7 1/2-1/2

[Event "Gelsenkirchen Koenigsspringer op"]
[Site "Gelsenkirchen"]
[Date "2019.12.28"]
[Round "3"]
[White "Wickenfeld, Stefan"]
[Black "Broszeit, Peter"]
[Result "1-0"]
[WhiteElo "2175"]
[BlackElo "1943"]
[PlyCount "59"]
[EventDate "2019.12.27"]
[EventType "swiss"]
[EventRounds "7"]
[EventCountry "GER"]
[SourceTitle "CBM 194 Extra"]
[Source "ChessBase"]
[SourceDate "2020.03.31"]
[SourceVersion "1"]
[SourceVersionDate "2020.03.31"]
[SourceQuality "1"]

1. d4 e6 2. Nf3 f5 3. g3 Nf6 4. Bg2 d5 5. 0-0 c6 6. c4 Bd6 7. Qc2 0-0 8. Nbd2 Ne4 9. Rb1 Nd7 10. b4 Ndf6 11. a4 Qe8 12. c5 Bc7 13. Ne5 Qh5 14. Bf3 Qh3 15. Bg2 Qh5 16. f3 Ng5 17. Rf2 f4 18. gxf4 Nh3+ 19. Bxh3 Qxh3 20. Nf1 Nh5 21. e3 Bxe5 22. dxe5 Bd7 23. Qe2 d4 24. exd4 Nxf4 25. Bxf4 Rxf4 26. Qe3 Raf8 27. Ng3 Be8 28. Rbf1 h5 29. Ne4 h4 30. Nf6+ 1-0

[Event "Gelsenkirchen Koenigsspringer op"]
[Site "Gelsenkirchen"]
[Date "2019.12.27"]
[Round "1"]
[White "Wickenfeld, Stefan"]
[Black "Spriestersbach, Kai"]
[Result "1/2-1/2"]
[WhiteElo "2175"]
[BlackElo "1734"]
[PlyCount "96"]
[EventDate "2019.12.27"]
[EventType "swiss"]
[EventRounds "7"]
[EventCountry "GER"]
[SourceTitle "CBM 194 Extra"]
[Source "ChessBase"]
[SourceDate "2020.03.31"]
[SourceVersion "1"]
[SourceVersionDate "2020.03.31"]
[SourceQuality "1"]

1. d4 Nf6 2. Nf3 g6 3. g3 Bg7 4. Bg2 d5 5. 0-0 0-0 6. b3 c5 7. Bb2 Nc6 8. Nbd2 Ne4 9. e3 Bf5 10. c3 Rc8 11. Nxe4 Bxe4 12. dxc5 Nb4 13. Qd2 Nd3 14. b4 b6 15. Ne1 Bxg2 16. Nxg2 Nxb2 17. Qxb2 bxc5 18. b5 d4 19. cxd4 cxd4 20. Rad1 dxe3 21. Rxd8 Bxb2 22. Rxf8+ Kxf8 23. Nxe3 Bd4 24. Rd1 Bxe3 25. fxe3 Rc3 26. Rd8+ Kg7 27. a4 Ra3 28. Rd4 Ra2 29. h4 Kf6 30. Kf1 Kf5 31. g4+ Ke5 32. g5 Kf5 33. Rf4+ Ke6 34. Rc4 Kd7 35. Ke1 f6 36. gxf6 exf6 37. h5 g5 38. Rc6 Rxa4 39. Rxf6 Re4 40. Ke2 Re6 41. Rf5 h6 42. Rf1 a6 43. bxa6 Rxa6 44. Rf7+ Ke8 45. Rh7 Kf8 46. Kf3 Kg8 47. Rb7 Ra4 48. e4 Ra1 1/2-1/2

[Event "BL2-West 1920"]
[Site "Germany"]
[Date "2019.10.20"]
[Round "2.7"]
[White "Wickenfeld, Stefan"]
[Black "Lisanti, Marco"]
[Result "0-1"]
[WhiteElo "2177"]
[BlackElo "2069"]
[PlyCount "82"]
[EventDate "2019.09.19"]
[EventType "team-tourn"]
[EventRounds "9"]
[EventCountry "GER"]
[SourceTitle "EXT 2023"]
[Source "ChessBase"]
[SourceDate "2022.10.05"]
[SourceVersion "1"]
[SourceVersionDate "2022.10.05"]
[SourceQuality "1"]
[WhiteTeam "Solingen II"]
[BlackTeam "Schott Mainz"]
[WhiteTeamCountry "GER"]
[BlackTeamCountry "GER"]

1. d4 Nf6 2. Nf3 c5 3. c3 g6 4. dxc5 a5 5. b4 Bg7 6. Bb2 b6 7. cxb6 Qxb6 8. a3 Nc6 9. Nbd2 Ba6 10. Qb3 Ng4 11. e3 Bxf1 12. Nxf1 0-0 13. Ng3 axb4 14. cxb4 Na5 15. Qa2 Bxb2 16. Qxb2 Nc4 17. Qb3 Rfc8 18. 0-0 Rc7 19. h3 Nf6 20. Qd3 d5 21. e4 Nb2 22. Qb3 dxe4 23. Ne5 Nd3 24. Qxf7+ Kh8 25. Ng4 Nxg4 26. hxg4 Qc6 27. Ra2 e5 28. Qb3 Nc1 29. Rxc1 Qxc1+ 30. Nf1 Qc4 31. Qb2 Qd4 32. Qb1 Rac8 33. Qb3 Rc1 34. b5 Qd3 35. Qe6 Qxf1+ 36. Kh2 Qh1+ 37. Kg3 R8c3+ 38. f3 Rxf3+ 39. gxf3 Qxf3+ 40. Kh4 Rh1+ 41. Kg5 Qf4# 0-1

[Event "BL2-West 1819"]
[Site "Germany"]
[Date "2019.04.07"]
[Round "9.8"]
[White "Wickenfeld, Stefan"]
[Black "Babar, Michael"]
[Result "1/2-1/2"]
[WhiteElo "2227"]
[BlackElo "2157"]
[PlyCount "84"]
[EventDate "2018.11.21"]
[EventType "team-tourn"]
[EventRounds "9"]
[EventCountry "GER"]
[SourceTitle "CBM 190 Extra"]
[Source "ChessBase"]
[SourceDate "2019.07.15"]
[SourceVersion "1"]
[SourceVersionDate "2019.07.15"]
[SourceQuality "1"]
[WhiteTeam "Solingen II"]
[BlackTeam "Dortmund Hansa"]
[WhiteTeamCountry "GER"]
[BlackTeamCountry "GER"]

1. d4 f5 2. Nf3 Nf6 3. g3 g6 4. Bg2 Bg7 5. 0-0 0-0 6. b3 Ne4 7. Bb2 d6 8. Nfd2 d5 9. c4 c6 10. e3 Be6 11. Qe2 Nd7 12. cxd5 cxd5 13. Nc3 Ndf6 14. Rfc1 Qd7 15. Na4 b6 16. f3 Nd6 17. Bf1 Rfc8 18. Qe1 Qb7 19. Ba3 Nfe8 20. f4 Bd7 21. Nc3 e6 22. Nf3 Nf7 23. Ne5 Ned6 24. Nxf7 Nxf7 25. Bd3 a6 26. Qe2 Bf8 27. Bxf8 Kxf8 28. a4 Nd6 29. Na2 Ne4 30. Rxc8+ Qxc8 31. Rc1 Qb7 32. Kg2 Kf7 33. Bxe4 fxe4 34. Rc3 Rc8 35. Qc2 Rxc3 36. Qxc3 a5 37. Kf2 Qb8 38. Nc1 Qd6 39. Ne2 Ke7 40. g4 Kd8 41. h4 Qa3 42. Qc2 Qa1 1/2-1/2

[Event "BL2-West 1819"]
[Site "Germany"]
[Date "2019.03.24"]
[Round "8.8"]
[White "Siebenhaar, Erich"]
[Black "Wickenfeld, Stefan"]
[Result "0-1"]
[WhiteElo "2044"]
[BlackElo "2222"]
[PlyCount "132"]
[EventDate "2018.11.21"]
[EventType "team-tourn"]
[EventRounds "9"]
[EventCountry "GER"]
[SourceTitle "CBM 190 Extra"]
[Source "ChessBase"]
[SourceDate "2019.07.15"]
[SourceVersion "1"]
[SourceVersionDate "2019.07.15"]
[SourceQuality "1"]
[WhiteTeam "Mainz Schott"]
[BlackTeam "Solingen II"]
[WhiteTeamCountry "GER"]
[BlackTeamCountry "GER"]

1. d4 d5 2. Nf3 Nf6 3. e3 g6 4. Bd3 Bg7 5. 0-0 0-0 6. h3 b6 7. b3 Bb7 8. Bb2 c5 9. c4 Nbd7 10. Nbd2 Rc8 11. Rc1 e6 12. Qe2 Qe7 13. Ne5 Nxe5 14. dxe5 Nd7 15. f4 Nb8 16. Nf3 Rcd8 17. Rcd1 Nc6 18. cxd5 Rxd5 19. Bc4 Rxd1 20. Rxd1 Rd8 21. Bc3 Bf8 22. Rxd8 Qxd8 23. Qd2 Qc7 24. Qd3 Ne7 25. Kf2 Nd5 26. Bd2 Qe7 27. a3 Nc7 28. Ng5 Kg7 29. Ne4 b5 30. Nd6 bxc4 31. Qxc4 Qd7 32. Qxc5 Qc6 33. Qxc6 Bxc6 34. a4 a6 35. e4 Ne8 36. Bb4 Nxd6 37. exd6 f6 38. e5 fxe5 39. fxe5 Kf7 40. Bd2 Bg7 41. Bf4 Ke8 42. g4 a5 43. Ke3 Bd5 44. Kd4 Bxb3 45. Kc5 Bxa4 46. Kb6 g5 47. Bh2 Kd7 48. Kxa5 Bc6 49. Kb6 Bg2 50. h4 gxh4 51. Bf4 h3 52. g5 h6 53. gxh6 Bxh6 54. Bh2 Be3+ 55. Kb5 Bf1+ 56. Kb4 Bd4 57. Kb3 Bd3 58. Kb4 Kc6 59. Kb3 Bb5 60. Kb4 Bc5+ 61. Ka5 Be3 62. Kb4 Bd2+ 63. Kb3 Kd5 64. Kc2 Be3 65. Kc3 Bd4+ 66. Kb4 Bd7 0-1

[Event "Ruhrgebiet Verbandsklasse Gruppe 1 1617"]
[Site "Germany"]
[Date "2017.01.29"]
[Round "6.1"]
[White "Freisen, Thomas"]
[Black "Wickenfeld, Stefan"]
[Result "1-0"]
[WhiteElo "1947"]
[BlackElo "2181"]
[PlyCount "61"]
[EventDate "2016.09.04"]
[EventType "team-tourn"]
[EventRounds "9"]
[EventCountry "GER"]
[SourceTitle "EXT 2022"]
[Source "ChessBase"]
[SourceDate "2021.10.06"]
[SourceVersion "1"]
[SourceVersionDate "2021.10.06"]
[SourceQuality "1"]
[WhiteTeam "Guennigfeld SV"]
[BlackTeam "Recklinghausen Altstadt"]
[WhiteTeamCountry "GER"]
[BlackTeamCountry "GER"]

1. e4 c5 2. Nf3 d6 3. Bb5+ Nd7 4. 0-0 a6 5. Bxd7+ Bxd7 6. d4 cxd4 7. Qxd4 Nf6 8. c4 g6 9. Nc3 Bg7 10. Bg5 0-0 11. Qd2 Bg4 12. Nd4 Re8 13. Rfe1 Qa5 14. f3 Bd7 15. Nb3 Qb4 16. e5 Nh5 17. g4 Bc6 18. Nd5 Qxc4 19. Nb6 Qb5 20. Nxa8 Rxa8 21. gxh5 Bxe5 22. f4 Bg7 23. h6 Bh8 24. Rxe7 Qf5 25. Re3 a5 26. Rd1 a4 27. Nd4 Qc5 28. Nxc6 bxc6 29. Kh1 a3 30. bxa3 Re8 31. Rxe8# 1-0

[Event "Ruhrgebiet Verbandsklasse Gruppe 1 1617"]
[Site "Germany"]
[Date "2016.09.25"]
[Round "2.1"]
[White "Wickenfeld, Stefan"]
[Black "Doering, Carsten"]
[Result "1-0"]
[WhiteElo "2181"]
[BlackElo "1975"]
[PlyCount "93"]
[EventDate "2016.09.04"]
[EventType "team-tourn"]
[EventRounds "9"]
[EventCountry "GER"]
[SourceTitle "EXT 2022"]
[Source "ChessBase"]
[SourceDate "2021.10.06"]
[SourceVersion "1"]
[SourceVersionDate "2021.10.06"]
[SourceQuality "1"]
[WhiteTeam "Recklinghausen Altstadt"]
[BlackTeam "Hervest Dorsten"]
[WhiteTeamCountry "GER"]
[BlackTeamCountry "GER"]

1. d4 Nf6 2. Nf3 g6 3. g3 Bg7 4. Bg2 0-0 5. 0-0 d6 6. b3 c5 7. Bb2 Nc6 8. c4 a6 9. Nc3 Rb8 10. dxc5 dxc5 11. Na4 Nd7 12. Bxg7 Kxg7 13. Ne1 Qc7 14. Nd3 Nce5 15. Rc1 Rd8 16. Qc2 Nxd3 17. Qxd3 Nf6 18. Qc3 Bd7 19. Nb2 Bc6 20. Rfd1 Bxg2 21. Kxg2 Qc6+ 22. Qf3 Qxf3+ 23. Kxf3 Ne8 24. Rxd8 Rxd8 25. Na4 Rc8 26. Rd1 b5 27. cxb5 axb5 28. Nc3 b4 29. Nd5 e6 30. Nb6 Rc6 31. Nc4 Ra6 32. Ra1 Nc7 33. a4 bxa3 34. Rxa3 Kf6 35. Ke4 Ke7 36. Ra5 Rxa5 37. Nxa5 f6 38. Kd3 Kd6 39. Kc4 Na6 40. e4 f5 41. Kb5 Nc7+ 42. Kb6 Na8+ 43. Kb7 Nc7 44. Nc4+ Kd7 45. Kb6 fxe4 46. Kxc5 Nd5 47. Nb6+ 1-0

[Event "Dortmund Sparkassen op-A 44th"]
[Site "Dortmund"]
[Date "2016.07.11"]
[Round "3"]
[White "Sorokin, Aleksey"]
[Black "Wickenfeld, Stefan"]
[Result "1-0"]
[WhiteElo "2413"]
[BlackElo "2231"]
[PlyCount "65"]
[EventDate "2016.07.09"]
[EventType "swiss"]
[EventRounds "9"]
[EventCountry "GER"]
[SourceTitle "CBM 173 Extra"]
[Source "ChessBase"]
[SourceDate "2016.08.29"]
[SourceVersion "1"]
[SourceVersionDate "2016.08.29"]
[SourceQuality "1"]

1. d4 d5 2. c4 c6 3. Nf3 Nf6 4. e3 Bg4 5. h3 Bh5 6. Qb3 Qb6 7. Nc3 e6 8. Ne5 Nfd7 9. Nd3 f6 10. c5 Qc7 11. e4 Be7 12. exd5 exd5 13. Bf4 Qc8 14. Kd2 0-0 15. Re1 Re8 16. Be2 Bf7 17. Bg4 b6 18. Bd6 Bf8 19. Rxe8 Qxe8 20. Re1 Qd8 21. Be6 bxc5 22. Bxf7+ Kxf7 23. Nxd5 c4 24. Qxc4 Qa5+ 25. Nc3+ Kg6 26. Nf4+ Kh6 27. Bxf8 Nxf8 28. Qf7 Qg5 29. g3 Na6 30. h4 Qg4 31. Re7 Rd8 32. f3 Rxd4+ 33. Ke3 1-0

[Event "NRW Class2 1516"]
[Site "Germany"]
[Date "2016.03.06"]
[Round "7.3"]
[White "Wickenfeld, Stefan"]
[Black "Stolte, Alexander"]
[Result "1/2-1/2"]
[WhiteElo "2229"]
[BlackElo "2168"]
[PlyCount "143"]
[EventDate "2015.09.27"]
[EventType "team-tourn"]
[EventRounds "9"]
[EventCountry "GER"]
[SourceTitle "EXT 2017"]
[Source "ChessBase"]
[SourceDate "2016.10.25"]
[SourceVersion "1"]
[SourceVersionDate "2016.10.25"]
[SourceQuality "1"]
[WhiteTeam "Sodingen"]
[BlackTeam "Sundern"]
[WhiteTeamCountry "GER"]
[BlackTeamCountry "GER"]

1. d4 d5 2. Nf3 e6 3. g3 Nf6 4. Bg2 b5 5. 0-0 c5 6. a4 b4 7. c4 bxc3 8. Nxc3 Nc6 9. Bg5 Rb8 10. e4 dxe4 11. Nxe4 Nxd4 12. Nxd4 cxd4 13. Nxf6+ gxf6 14. Bc6+ Ke7 15. Bh4 Qd6 16. Be4 Bh6 17. Qh5 Bg7 18. Rac1 Bb7 19. Bxb7 Rxb7 20. Qg4 Rg8 21. Bxf6+ Bxf6 22. Qxg8 Qd8 23. Qxh7 d3 24. Rfd1 Rd7 25. Qe4 Kf8 26. Qb4+ Kg7 27. b3 Bd4 28. Rc4 Qf6 29. Qd2 e5 30. Re1 Qf5 31. Rc6 f6 32. Rec1 Qf3 33. Rc7 Rxc7 34. Rxc7+ Kg6 35. Rc1 f5 36. Qe1 f4 37. Qf1 d2 38. Rb1 e4 39. gxf4 Kh5 40. Qb5+ Kg6 41. Qe8+ Kh7 42. Qd7+ Bg7 43. h3 e3 44. Qd3+ Kh8 45. Qxe3 d1Q+ 46. Rxd1 Qxd1+ 47. Kg2 Qd5+ 48. f3 Qg8 49. Kh2 Qb8 50. h4 Qd8 51. Kg3 Qg8 52. Kh3 Qc8+ 53. Kg2 Qd7 54. Qc5 Bh6 55. Qe5+ Kh7 56. h5 Qf7 57. Kg3 Qg8+ 58. Kh4 Qf7 59. f5 Qxb3 60. Qe7+ Kh8 61. Qxa7 Qxf3 62. Qd4+ Kh7 63. f6 Qh1+ 64. Kg4 Qg2+ 65. Kf5 Qg5+ 66. Ke6 Qxh5 67. Qe4+ Kg8 68. Qg2+ Kf8 69. Qa8+ Qe8+ 70. Qxe8+ Kxe8 71. a5 Be3 72. a6 1/2-1/2

[Event "Gelsenkirchen Silvester op 3rd"]
[Site "Gelsenkirchen"]
[Date "2015.12.28"]
[Round "4"]
[White "Wickenfeld, Stefan"]
[Black "Meijers, Viesturs"]
[Result "1/2-1/2"]
[WhiteElo "2210"]
[BlackElo "2446"]
[PlyCount "129"]
[EventDate "2015.12.27"]
[EventType "swiss"]
[EventRounds "5"]
[EventCountry "GER"]
[SourceTitle "EXT 2019"]
[Source "ChessBase"]
[SourceDate "2018.10.10"]
[SourceVersion "1"]
[SourceVersionDate "2018.10.10"]
[SourceQuality "1"]

1. d4 Nf6 2. Nf3 e6 3. g3 c5 4. Bg2 Nc6 5. b3 cxd4 6. Nxd4 Qb6 7. Bb2 Bb4+ 8. c3 Qxd4 9. Bxc6 Bxc3+ 10. Nxc3 Qxd1+ 11. Rxd1 bxc6 12. Rd6 Bb7 13. e4 c5 14. f3 Ke7 15. Rd2 d6 16. Kf2 Rhd8 17. Rhd1 e5 18. f4 Bxe4 19. fxe5 dxe5 20. Rxd8 Rxd8 21. Rxd8 Kxd8 22. Nxe4 Nxe4+ 23. Ke3 Nd6 24. Bxe5 Kd7 25. g4 f6 26. Bb2 Ke6 27. Kf4 g5+ 28. Kf3 f5 29. Bg7 Ne4 30. Bf8 c4 31. gxf5+ Kxf5 32. bxc4 Nd2+ 33. Ke3 Nxc4+ 34. Kd4 Ne5 35. Bd6 Nf3+ 36. Ke3 Ng1 37. a4 a6 38. a5 h5 39. Kd4 h4 40. Kc5 Ke6 41. Bb8 Nf3 42. Kb6 g4 43. Kxa6 Ne5 44. Ba7 g3 45. h3 Nc6 46. Bb6 Kd5 47. Kb7 Nd4 48. a6 g2 49. a7 g1Q 50. a8Q Qg7+ 51. Bc7 Ke4 52. Qd8 Nf5 53. Qd2 Qh7 54. Qf4+ Kd3 55. Qf1+ Ke3 56. Qe1+ Kd3 57. Qe5 Nd4 58. Qd6 Qe4+ 59. Kb6 Qf5 60. Bd8 Qb5+ 61. Kc7 Ke4 62. Qd7 Qa5+ 63. Kb7 Qb4+ 64. Kc7 Qa5+ 65. Kb7 1/2-1/2

[Event "Ruhrgebiet Regionalliga 1415"]
[Site "Germany"]
[Date "2015.02.22"]
[Round "6.2"]
[White "Sohlmann, Jan Henning"]
[Black "Wickenfeld, Stefan"]
[Result "0-1"]
[WhiteElo "2169"]
[BlackElo "2166"]
[PlyCount "112"]
[EventDate "2014.09.28"]
[EventType "team-tourn"]
[EventRounds "9"]
[EventCountry "GER"]
[SourceTitle "EXT 2022"]
[Source "ChessBase"]
[SourceDate "2021.10.06"]
[SourceVersion "1"]
[SourceVersionDate "2021.10.06"]
[SourceQuality "1"]
[WhiteTeam "Welper SV"]
[BlackTeam "Herne Sodingen"]
[WhiteTeamCountry "GER"]
[BlackTeamCountry "GER"]

1. e4 d5 2. exd5 Nf6 3. Nf3 Nxd5 4. d4 Bg4 5. Be2 e6 6. h3 Bh5 7. 0-0 Be7 8. c4 Nb6 9. Nc3 0-0 10. b3 Nc6 11. Bb2 Bxf3 12. Bxf3 Qxd4 13. Qxd4 Nxd4 14. Bxb7 Rab8 15. Be4 Nxc4 16. Bc1 Nd6 17. Bd3 Bf6 18. Bd2 Rfd8 19. Rad1 c6 20. Ne4 Nxe4 21. Bxe4 Ne2+ 22. Kh1 Rd4 23. Bc2 Rbd8 24. Be3 Rxd1 25. Rxd1 Nd4 26. Be4 c5 27. Rc1 Be7 28. Rc4 e5 29. g4 g6 30. Kg2 Kg7 31. f4 exf4 32. Bxf4 Ne6 33. Be3 Bg5 34. Kf3 Bxe3 35. Kxe3 Re8 36. Kf2 Rd8 37. Ra4 Rd4 38. Rxd4 Nxd4 39. Ke3 Ne6 40. Kd3 Kf6 41. h4 h6 42. Ke3 Ke5 43. Bc6 f5 44. gxf5 gxf5 45. Bb7 Nf4 46. Bc6 Ng6 47. h5 Nf4 48. Bf3 Nd5+ 49. Kd3 Nb6 50. Ke3 Nc8 51. Kd3 Nd6 52. Bd1 Kf4 53. Ke2 Kg3 54. Kf1 f4 55. Bc2 f3 56. Bd3 Ne8 0-1

[Event "Ruhrgebiet Regionalliga 1415"]
[Site "Germany"]
[Date "2014.12.21"]
[Round "4.2"]
[White "Wickenfeld, Stefan"]
[Black "Happel, Heiner"]
[Result "1-0"]
[WhiteElo "2166"]
[BlackElo "2175"]
[PlyCount "45"]
[EventDate "2014.09.28"]
[EventType "team-tourn"]
[EventRounds "9"]
[EventCountry "GER"]
[SourceTitle "EXT 2022"]
[Source "ChessBase"]
[SourceDate "2021.10.06"]
[SourceVersion "1"]
[SourceVersionDate "2021.10.06"]
[SourceQuality "1"]
[WhiteTeam "Herne Sodingen"]
[BlackTeam "Hamm Koenigsspringer"]
[WhiteTeamCountry "GER"]
[BlackTeamCountry "GER"]

1. d4 Nf6 2. Nf3 e6 3. g3 b5 4. Bg2 Bb7 5. 0-0 c5 6. a4 b4 7. c3 Nc6 8. b3 Rc8 9. Bb2 Qb6 10. e3 bxc3 11. Bxc3 Ba6 12. Re1 d5 13. Bf1 Bxf1 14. Rxf1 cxd4 15. Nxd4 Be7 16. Nxc6 Rxc6 17. Bd4 Qc7 18. Nd2 0-0 19. Rc1 a6 20. Bb2 Bb4 21. Bxf6 gxf6 22. Rxc6 Qxc6 23. Qg4+ 1-0

[Event "NRW Class2 1314"]
[Site "Germany"]
[Date "2014.03.09"]
[Round "7.3"]
[White "Wickenfeld, Stefan"]
[Black "Buendgen, Achim"]
[Result "1-0"]
[WhiteElo "2182"]
[BlackElo "2184"]
[PlyCount "91"]
[EventDate "2013.09.15"]
[EventType "team-tourn"]
[EventRounds "9"]
[EventCountry "GER"]
[SourceTitle "EXT 2015"]
[Source "ChessBase"]
[SourceDate "2014.11.20"]
[SourceVersion "1"]
[SourceVersionDate "2014.11.20"]
[SourceQuality "1"]
[WhiteTeam "Herne Sodingen"]
[BlackTeam "Neuenkirchen"]
[WhiteTeamCountry "GER"]
[BlackTeamCountry "GER"]

1. d4 Nf6 2. Nf3 c5 3. c3 cxd4 4. cxd4 d5 5. Nc3 Nc6 6. Bf4 a6 7. e3 Bg4 8. Be2 e6 9. 0-0 Be7 10. Rc1 0-0 11. a3 Rc8 12. Na4 Nh5 13. Bg3 Nxg3 14. hxg3 b5 15. Nc5 Bxc5 16. Rxc5 Na5 17. Qc2 Nc4 18. Bd3 Rxc5 19. dxc5 Bxf3 20. gxf3 Qf6 21. Kg2 g6 22. b3 Ne5 23. Be2 Nc6 24. b4 e5 25. Rd1 Rd8 26. Qb3 d4 27. Bd3 dxe3 28. fxe3 Ne7 29. Be4 Nf5 30. Bxf5 gxf5 31. Rxd8+ Qxd8 32. Qc2 f4 33. c6 Qc7 34. e4 fxg3 35. Qc5 Kg7 36. Kxg3 Kf6 37. Kh4 Ke6 38. Kh5 Qd6 39. Qc2 Ke7 40. c7 Qg6+ 41. Kh4 Qf6+ 42. Kg3 Qg5+ 43. Kh3 Qg1 44. c8Q Qh1+ 45. Kg3 Qg1+ 46. Qg2 1-0

[Event "NRW Class2 1314"]
[Site "Germany"]
[Date "2014.02.02"]
[Round "6.2"]
[White "Wickenfeld, Stefan"]
[Black "Bosch, Jeroen"]
[Result "1/2-1/2"]
[WhiteElo "2182"]
[BlackElo "2346"]
[PlyCount "190"]
[EventDate "2013.09.15"]
[EventType "team-tourn"]
[EventRounds "9"]
[EventCountry "GER"]
[SourceTitle "EXT 2015"]
[Source "ChessBase"]
[SourceDate "2014.11.20"]
[SourceVersion "1"]
[SourceVersionDate "2014.11.20"]
[SourceQuality "1"]
[WhiteTeam "Herne Sodingen"]
[BlackTeam "Plettenberg"]
[WhiteTeamCountry "GER"]
[BlackTeamCountry "GER"]

1. d4 Nf6 2. Nf3 d6 3. g3 Nbd7 4. Bg2 e5 5. dxe5 dxe5 6. 0-0 Bc5 7. e3 0-0 8. c4 Re8 9. Nc3 c6 10. Rb1 a5 11. a3 Qe7 12. Na4 Nb6 13. Nxb6 Bxb6 14. b4 Bf5 15. Rb2 axb4 16. axb4 Red8 17. Qb3 e4 18. Nd2 h5 19. b5 Bc5 20. Qc2 Bd6 21. bxc6 bxc6 22. Rb6 h4 23. Bb2 hxg3 24. fxg3 Bc5 25. Rb3 Ng4 26. Bd4 Rxd4 27. exd4 Bxd4+ 28. Kh1 Nf2+ 29. Rxf2 Bxf2 30. Bxe4 Bh3 31. Rb1 Qf6 32. Bg2 Bf5 33. Ne4 Qg6 34. Rf1 Bd4 35. Nf6+ Qxf6 36. Qxf5 Qxf5 37. Rxf5 g6 38. Rf1 Ra6 39. Rd1 c5 40. Bd5 Kg7 41. Rd2 f5 42. Kg2 g5 43. Re2 Kf6 44. Kf3 Ra3+ 45. Kg2 g4 46. Re6+ Kg5 47. Re2 Rc3 48. Kf1 Rc1+ 49. Re1 Rc2 50. Re2 Rc3 51. Re8 Rb3 52. Rg8+ Kh6 53. Re8 Kg6 54. Rg8+ Bg7 55. Re8 Bc3 56. Re6+ Kg5 57. Ke2 Bd4 58. Kf1 Be3 59. Re8 Rb1+ 60. Ke2 Bd4 61. Rg8+ Kf6 62. Rf8+ Kg6 63. Be6 Rb2+ 64. Kd1 Bf6 65. Rc8 Bd4 66. Rf8 Bf6 67. Rg8+ Bg7 68. Rc8 Bd4 69. Rf8 Bf6 70. Rg8+ Bg7 71. Bxf5+ Kxf5 72. Rxg7 Rxh2 73. Ke1 Rg2 74. Rc7 Rxg3 75. Kf2 Rc3 76. Rxc5+ Kf4 77. Ra5 Rc2+ 78. Kg1 Rc1+ 79. Kg2 Rc2+ 80. Kg1 Rxc4 81. Ra8 Rc2 82. Ra7 Re2 83. Ra8 Kf3 84. Ra3+ Kf4 85. Ra8 Kg3 86. Ra3+ Kh4 87. Ra8 Kh3 88. Rb8 Ra2 89. Rb1 g3 90. Rc1 Rg2+ 91. Kh1 Rf2 92. Kg1 Rh2 93. Rc8 Rg2+ 94. Kh1 Rh2+ 95. Kg1 Rg2+ 1/2-1/2

[Event "Gelsenkirchen Silvester op 1st"]
[Site "Gelsenkirchen"]
[Date "2013.12.29"]
[Round "5"]
[White "Wickenfeld, Stefan"]
[Black "Lotzien, Hans"]
[Result "1-0"]
[WhiteElo "2139"]
[BlackElo "2152"]
[PlyCount "85"]
[EventDate "2013.12.27"]
[EventType "swiss"]
[EventRounds "5"]
[EventCountry "GER"]
[SourceTitle "EXT 2019"]
[Source "ChessBase"]
[SourceDate "2018.10.10"]
[SourceVersion "1"]
[SourceVersionDate "2018.10.10"]
[SourceQuality "1"]

1. d4 d5 2. Nf3 c6 3. g3 Bf5 4. Bg2 Qc8 5. 0-0 Bh3 6. c4 Bxg2 7. Kxg2 Nf6 8. cxd5 cxd5 9. Nc3 e6 10. Bf4 Nh5 11. Bxb8 Rxb8 12. Qa4+ Qc6 13. Qxa7 Bd6 14. Rfc1 0-0 15. Na4 Qb5 16. Qb6 Qxa4 17. Qxd6 Nf6 18. b3 Qb5 19. Rc2 Ne4 20. Qf4 f6 21. Rac1 g5 22. Qe3 Rbe8 23. Rc7 Rf7 24. Rxf7 Kxf7 25. h4 h6 26. hxg5 hxg5 27. Nd2 Nd6 28. Qf3 Ke7 29. Rc7+ Kd8 30. Rh7 Rf8 31. Qc3 Rf7 32. Rh8+ Kd7 33. Kf1 g4 34. a4 Qa6 35. Ke1 f5 36. f3 Rg7 37. Qc5 b6 38. Qc3 Qb7 39. a5 Nb5 40. Qb4 bxa5 41. Qc5 Re7 42. Rg8 Qc6 43. Rd8+ 1-0

[Event "NRW Class2 1213"]
[Site "Germany"]
[Date "2013.02.17"]
[Round "6.2"]
[White "Wickenfeld, Stefan"]
[Black "Haves, Reinhard"]
[Result "1/2-1/2"]
[WhiteElo "2073"]
[BlackElo "2174"]
[PlyCount "65"]
[EventDate "2012.09.16"]
[EventType "team-tourn"]
[EventRounds "9"]
[EventCountry "GER"]
[SourceTitle "EXT 2017"]
[Source "ChessBase"]
[SourceDate "2016.10.25"]
[SourceVersion "1"]
[SourceVersionDate "2016.10.25"]
[SourceQuality "1"]
[WhiteTeam "Herne Sodingen"]
[BlackTeam "Neuenkirchen"]
[WhiteTeamCountry "GER"]
[BlackTeamCountry "GER"]

1. d4 g6 2. Nf3 Bg7 3. c4 d6 4. e4 Bg4 5. Be2 Nc6 6. Be3 e5 7. d5 Bxf3 8. Bxf3 Nd4 9. Nd2 c5 10. dxc6 bxc6 11. Qa4 Ne7 12. Bxd4 exd4 13. e5 0-0 14. exd6 Qxd6 15. 0-0 d3 16. Rad1 Rab8 17. Nb3 Bxb2 18. c5 Qd7 19. Be4 Rfd8 20. Rxd3 Qe6 21. Re3 Nd5 22. Bxd5 Qxd5 23. Rfe1 Kg7 24. g3 Rd7 25. Qe4 Rb5 26. Qxd5 Rxd5 27. Re7 Ba3 28. Rxa7 Bxc5 29. Nxc5 Rbxc5 30. Re3 Ra5 31. Rc7 Rf5 32. a3 Rac5 33. Kg2 1/2-1/2